| 000 | 00353 a2200133 4500 | ||
|---|---|---|---|
| 999 |
_c299083 _d299083 |
||
| 001 | 64010 | ||
| 003 | NUST | ||
| 005 | 20180119091430.0 | ||
| 008 | 180119b xxu||||| |||| 00| 0 eng d | ||
| 082 | _a620.1124 HOA | ||
| 100 |
_aHoa, Vansung _99029 |
||
| 245 |
_aHybird finit element method for stress analysis of luminated composites _hEnglish |
||
| 260 |
_aUSA _bKAP _c1998 |
||
| 300 | _a298p | ||
| 500 | _aGeneral Books | ||
| 505 | _aNUST Books | ||
| 942 |
_aNUST CAE _k620.1124 HOA _cBK _2ddc |
||